• 首页
  • 本馆介绍
  • 公告通知
  • 最新文献
  • 馆藏检索
  • 电子资源
  • 读者导购
  • 参考咨询
  • 我的图书馆
  • 登录
  • 详细信息显示
  • 放入我的书架
  • 预约/预借图书
  • 作者相关作品
  • 分类相关作品
  • 丛书相关作品
  • 出版社相关作品

书目信息

  • 表格格式
  • 工作单格式
  • 卡片格式
题名:
盛宴
    
 
作者: 王宏 著
分册:  
出版信息: 南京   江苏凤凰文艺出版社  2020
页数: 10,286页
开本: 24cm
丛书名:
单 册:
中图分类: I247.54 , I247.5
科图分类:
主题词: 长篇小说--中国--当代
电子资源:
ISBN: 978-7-5594-4495-0
000 00578nam0 2200217 450
001 2449141093
005 20240829133910.68
010    @a978-7-5594-4495-0@dCNY58.00
100    @a20210401d2020 em y0chiy0120 ea
101 0  @achi
102    @aCN@b320000
105    @ay z 000ay
200 1  @a盛宴@9sheng yan@b专著@f王宏著
210    @a南京@c江苏凤凰文艺出版社@d2020
215    @a10,286页@d24cm
606 0  @a长篇小说@y中国@z当代
690    @aI247.54@v5
690    @aI247.5@v4
701  0 @a王宏@9wang hong@4著
801  2 @aCN@b58marc.cn@c20210506
905    @aZUCC@dI247.5@e6614
    
    盛宴/王宏著.-南京:江苏凤凰文艺出版社,2020
    10,286页;24cm
    
    
    ISBN 978-7-5594-4495-0:CNY58.00
    
●
相关链接 在五车中查询图书 在当当中查询图书 在豆瓣中查询图书


正题名:盛宴     索取号:I247.5/6614         预约/预借

序号 登录号 条形码 馆藏地/架位号 状态 备注
1 2001769045   2001769045   第四书库/四25架A面4层2列/ [索取号:I247.5/6614] 在馆    
2 2001769046   2001769046   第四书库/四25架A面4层2列/ [索取号:I247.5/6614] 在馆    
3 2001769047   2001769047   第四书库/四25架A面4层2列/ [索取号:I247.5/6614] 在馆    
4 2001769048   2001769048   第四书库/四25架A面4层2列/ [索取号:I247.5/6614] 在馆    
5 2001769049   2001769049   第四书库/ [索取号:I247.5/6614] 在馆    
6 2001769050   2001769050   第四书库/ [索取号:I247.5/6614] 在馆    
山东省滨州职业学院图书馆 欢迎您!
大连网信软件有限公司© 版权所有